Weaving it together 1 connecting reading and writing
Tallennettuna:
| Päätekijä: | |
|---|---|
| Aineistotyyppi: | Kirja |
| Kieli: | Undetermined |
| Julkaistu: |
Boston, Mass
Heinle & Heinle
2004
|
| Aiheet: | |
| Linkit: | http://lrc.tdmu.edu.vn/opac/search/detail.asp?aID=2&ID=7443 |
| Tagit: |
Lisää tagi
Ei tageja, Lisää ensimmäinen tagi!
|
| Thư viện lưu trữ: | Trung tâm Học liệu Trường Đại học Thủ Dầu Một |
|---|
| LEADER | 00630nam a2200205Ia 4500 | ||
|---|---|---|---|
| 001 | TDMU_7443 | ||
| 008 | 210410s9999 xx 000 0 und d | ||
| 082 | |a 428 | ||
| 090 | |b B435 | ||
| 100 | |a Broukal, Milada | ||
| 245 | 0 | |a Weaving it together 1 | |
| 245 | 0 | |b connecting reading and writing | |
| 245 | 0 | |c Milada Broukal | |
| 260 | |a Boston, Mass | ||
| 260 | |b Heinle & Heinle | ||
| 260 | |c 2004 | ||
| 300 | |a x, 197 p | ||
| 650 | |a English language |v Textbooks for foreign speakers | ||
| 856 | |u http://lrc.tdmu.edu.vn/opac/search/detail.asp?aID=2&ID=7443 | ||
| 980 | |a Trung tâm Học liệu Trường Đại học Thủ Dầu Một | ||